| 000 | 01081nam a2200265Ia 4500 | ||
|---|---|---|---|
| 003 | OSt | ||
| 005 | 20220918110859.0 | ||
| 006 | a|||||r|||| 00| 0 | ||
| 007 | ta | ||
| 008 | 220915b |||||||| |||| 00| 0 hin d | ||
| 020 |
_a9788181437617 (hbk (Set)) _c9000 |
||
| 024 | _a9,101 | ||
| 037 |
_b99, 05/09/2013, Vani Prakashan _cReference Collections |
||
| 040 |
_aARTS _cARTS _bhin |
||
| 041 |
_2hin _ahin |
||
| 082 | _aO152,1M86x, P8.1-.12(RR) | ||
| 100 |
_aपालीवाल, कृष्णदत्त, संपा0 _99990 |
||
| 245 | 0 | _aमैथिलीशरण गुप्त ग्रंथावली | |
| 246 | _aMaithilīsharaṇ gupta granthāvalī | ||
| 260 |
_aनई दिल्ली _bवाणी प्रकाशन भारत _c2008 |
||
| 490 | _vखण्ड 1 | ||
| 650 | _aहिन्दी साहित्य | ||
| 942 |
_hO152,1M86x, P8.1-.12(RR) _cREF |
||
| 999 |
_c115473 _d115473 |
||